Estudio a nivel de perfil para la construcción de viviendas de interés social con sistema constructivo a base de bambú en el municipio de el Tuma- La Dalia, departamento de Matagalpa, Nicaragua

Realiza un estudio de perfil para la construcción de viviendas de interés social con sistema constructivo a base de bambú en el municipio de El Tuma-La Dalia, departamento de Matagalpa, elabora el estudio de mercado para conocer la oferta y la demanda de viviendas de interés social, desarrolla...

Full description

Bibliographic Details
Main Authors: Espinoza Tijerino, Rolando José, García Hernández, Magela Cristina
Other Authors: Tutor: Fonseca Chávez, Miguel Antonio
Format: Tesis Section = Libro
Language:Undetermined
Spanish
Published: Managua UNI 2017
Subjects:
LEADER 01552nam a2200265Ia 4500
008 240830s9999 xx 000 0 und d
040 |a BIBLIOTECA-RUPAP T.Mon 363.5 E77 
041 |a spa 
082 |a T.Mon 363.5 E77 
100 1 |a Espinoza Tijerino, Rolando José 
100 1 |b García Hernández, Magela Cristina 
245 1 0 |a Estudio a nivel de perfil para la construcción de viviendas de interés social con sistema constructivo a base de bambú en el municipio de el Tuma- La Dalia, departamento de Matagalpa, Nicaragua 
260 |a Managua  |b UNI  |c 2017 
300 |a 87 p. :il. 
500 |a Contiene: anexos y CD. 
502 |a Tesis (Ingeniero Civil)- UNI, 2017. 
520 3 |a Realiza un estudio de perfil para la construcción de viviendas de interés social con sistema constructivo a base de bambú en el municipio de El Tuma-La Dalia, departamento de Matagalpa, elabora el estudio de mercado para conocer la oferta y la demanda de viviendas de interés social, desarrolla el estudio técnico para dar a conocer todas las características del bambú y su utilización como base de un sistema constructivo para viviendas de interés social, realiza la evaluación socio-económico para determinar la factibilidad del proyecto. 
650 7 |a CONSTRUCCION DE VIVIENDAS-PROYECTOS 
650 7 |b VIVIENDAS SOCIALES 
650 7 |c VIVIENDAS-ASPECTOS ECONOMICOS 
650 7 |e MATERIALES PARA LA CONSTRUCCION DE VIVIENDAS 
700 1 |a Tutor:  |b Fonseca Chávez, Miguel Antonio 
942 |c BK  |2 ddc 
991 |a TESIS 
999 |c 18093